000 00863nam a2200289Ia 4500
005 20260324123940.0
008 008 260324s9999 xx 000 0 eng d
020 _a9781315591261
037 _aEBOOK
040 _aCRL
040 _beng
040 _cCRL
041 _2eng
041 _aeng
084 _qCRL
100 _aMichel Balard
_91172271
245 0 _aLa Papauté et les croisades / The Papacy and the Crusades
245 0 _bActes du VIIe Congrès de la Society for the Study of the Crusades and the Latin East/ Proceedings of the VIIth Conference of the Society for the Study of the Crusades and the Latin East
260 _bTaylor and Francis
260 _c2011
365 _a
365 _b240
856 _uhttp://www.taylorfrancis.com/books/9781315591261
942 _cEBOOK
999 _c1766219
_d1766219